| 000 | 00566nam a2200169 a 4500 | ||
|---|---|---|---|
| 001 | ASIN8173814058 | ||
| 005 | 20141015190735.0 | ||
| 008 | 141015s2005 xxu eng d | ||
| 020 | _a8173814058 (paperback) | ||
| 020 | _a9788173814051 (paperback) | ||
| 100 | 1 | _aKarak, Pyari Mohan. | |
| 245 | 1 | 0 |
_aLiner programming and theory of games / _cPyari Mohan Karak. |
| 250 | _a0th ed. | ||
| 260 |
_a[S.l.] : _bNew Central Book Agency, _c2005. |
||
| 300 |
_a516 p. ; _c25 cm. |
||
| 856 | 4 | 0 |
_3Amazon.com _uhttp://www.amazon.com/exec/obidos/ASIN/8173814058/chopaconline-20 |
| 999 |
_c10999 _d10999 |
||